000 00714nam a2200229Ia 4500
003 OSt
005 20221005133610.0
006 a|||||r|||| 00| 0
007 ta
008 221004b |||||||| |||| 00| 0 san d
024 _a1794
037 _cTextual
040 _aCRL
_cCRL
_bsan
041 _2san
_asan
082 _aR625x7:1:1, 15J4
100 _aभट्टाचार्य, प×चानन
_9642588
245 0 _aभाषा परिच्छेद
_b कारिकावली
246 _aBhāṣhā parichchheda: kārikāvalī
260 _c1954
942 _hR625x7:1:1, 15J4
_cTEXL
_2cc
999 _c1067316
_d1067316